000 00275nam a22001217a 4500
008 181024b xxu||||| |||| 00| 0 eng d
041 _aeng
080 _a617
100 _a8
101 _aORT
245 _aCongenital Deformities of the Spine
_cWinter,R.B
942 _2udc
_cBK
999 _c50847
_d50847